000 00441nam a2200157 a 4500
001 2716
005 20140414131854.0
008 050927s19uu xx 00 eng d
020 _a0-307-15557-9
050 _aM 398.2
_bJ13 1955
100 _aKathryn Jackson
245 _aThe golden books of 365 stories :
_ba story for every day of the year.
260 _aNew York :
_bA Golden Book, Western.
300 _a236 p. ; cm.
999 _c110363
_d110363